Wilfred Grenfell : (Record no. 10435)

MARC details
000 -LEADER
fixed length control field 01986cam a22003854a 4500
001 - CONTROL NUMBER
control field 13168071
003 - CONTROL NUMBER IDENTIFIER
control field GBCCL
005 - DATE AND TIME OF LATEST TRANSACTION
control field 20241126110732.0
008 - FIXED-LENGTH DATA ELEMENTS--GENERAL INFORMATION
fixed length control field 030418s2003 waub c b 000 0beng
010 ## -
-- 2003008863
020 ## - INTERNATIONAL STANDARD BOOK NUMBER
International Standard Book Number 1576582922
040 ## - CATALOGING SOURCE
Original cataloging agency DLC
Transcribing agency DLC
Modifying agency DLC
042 ## -
-- pcc
-- lcac
043 ## -
-- n-cn-nf
050 00 -
-- R722.32.G75
-- B46 2003
082 00 - DEWEY DECIMAL CLASSIFICATION NUMBER
Classification number 266.0092
-- B
Item number BEN
100 1# - MAIN ENTRY--PERSONAL NAME
Personal name Benge, Janet,
Dates associated with a name 1958-
9 (RLIN) 17368
245 10 - TITLE STATEMENT
Title Wilfred Grenfell :
Remainder of title fisher of men /
Statement of responsibility, etc. Janet & Geoff Benge.
260 ## - PUBLICATION, DISTRIBUTION, ETC.
Place of publication, distribution, etc. Seattle, WA :
Name of publisher, distributor, etc. YWAM Pub.,
Date of publication, distribution, etc. 2003.
300 ## - PHYSICAL DESCRIPTION
Extent 191 p. :
Other physical details map ;
Dimensions 20 cm.
440 #0 - SERIES STATEMENT/ADDED ENTRY--TITLE
Title Christian heroes, then & now
9 (RLIN) 17374
504 ## - BIBLIOGRAPHY, ETC. NOTE
Bibliography, etc. note Includes bibliographical references (p. 191).
505 0# - FORMATTED CONTENTS NOTE
Formatted contents note So this is how it's all going to end -- The Sands of Dee -- New direction -- Something quite different -- On the North Sea -- Labrador -- Back to Labrador -- A growing mission -- Pomiuk -- Seal hunt -- Red Bay Co-operative Society -- A single letter changed everything -- Adrift -- International Grenfell Association -- Knight Commander of St. Michael and St. George -- Home at last.
520 ## - SUMMARY, ETC.
Summary, etc. A biography of the twentieth-century English missionary doctor who started hospitals, fishermen's cooperatives, schools, and an orphanage in the poor fishing communities of Newfoundland and Labrador.
600 10 - SUBJECT ADDED ENTRY--PERSONAL NAME
Personal name Grenfell, Wilfred Thomason,
Titles and other words associated with a name Sir,
Dates associated with a name 1865-1940
Form subdivision Juvenile literature.
9 (RLIN) 18144
600 11 - SUBJECT ADDED ENTRY--PERSONAL NAME
Personal name Grenfell, Wilfred Thomason,
Titles and other words associated with a name Sir,
Dates associated with a name 1865-1940.
9 (RLIN) 18145
650 #0 - SUBJECT ADDED ENTRY--TOPICAL TERM
Topical term or geographic name entry element Missionaries, Medical
Geographic subdivision Newfoundland and Labrador
Form subdivision Juvenile literature.
9 (RLIN) 18146
650 #1 - SUBJECT ADDED ENTRY--TOPICAL TERM
Topical term or geographic name entry element Missionaries.
9 (RLIN) 3863
650 #1 - SUBJECT ADDED ENTRY--TOPICAL TERM
Topical term or geographic name entry element Physicians.
9 (RLIN) 18147
700 1# - ADDED ENTRY--PERSONAL NAME
Personal name Benge, Geoff,
Dates associated with a name 1954-
9 (RLIN) 17373
856 41 - ELECTRONIC LOCATION AND ACCESS
Materials specified Table of contents
Uniform Resource Identifier <a href="http://www.loc.gov/catdir/toc/ecip043/2003008863.html">http://www.loc.gov/catdir/toc/ecip043/2003008863.html</a>
906 ## - LOCAL DATA ELEMENT F, LDF (RLIN)
a 7
b cbc
c orignew
d 1
e ecip
f 20
g y-gencatlg
942 ## - ADDED ENTRY ELEMENTS (KOHA)
Source of classification or shelving scheme Dewey Decimal Classification
Koha item type Books
Holdings
Withdrawn status Lost status Source of classification or shelving scheme Damaged status Not for loan Home library Current Library Shelving location Date acquired Total checkouts Full call number Barcode Date last seen Copy number Price effective from Koha item type
    Dewey Decimal Classification     GRACE BIBLE COLLEGE GRACE BIBLE COLLEGE Ministry & Mission 2024-07-18   266.0092 BEN 016956 2025-05-01 c.1 2024-07-18 Books
© Grace Bible College Library 2025